000 00606na a2200229 4500
001 17235
003 MIRAKIL
005 20181213154936.0
008 161023b tu 000 0
020 _a9751405114
040 _aMilas
_btur
_cTR-AnCHP
041 _atur
082 _a956.226
_bG94i 1995
090 _a956.226 G94i 1995
100 _aGülersoy, Çelik
245 _aİstanbul maceramız
_cÇelik Gülersoy
260 _aİstanbul
_bRemzi Kitabevi
_c1995
300 _a272 s.
_c19 sm.
651 _aİstanbul
_xKentleşme
_yDenemeler
651 _aİstanbul
_xDenemeler
942 _2ddc
_cBKS
999 _c3574
_d3574